000 00510nam a2200193Ia 4500
001 10417
003 GE_BSU
008 181216s||||||||xx |||||||||||||| ||und||
040 _cGE_BSU
245 _aФармация. №3 2014
245 _bНаучно-практический журнал
245 _cГл. ред.И.А.Самылина
260 _aМосква
260 _bфармация
260 _c2014
300 _a56стр.29см.
653 _aФармация. №1 2014
942 _cCR
999 _c43677
_d43677